Dans quelle ville cette photo fut prise? - Statistiques

Statistiques générales
  • Ce quiz a été pris 1 161 fois
  • Le résultat moyen est 8 sur 16
Statistiques - réponses
Par images Réponse % Correct
Berlin
97%
Paris
97%
Londres
95%
New York
92%
Pékin
72%
Dallas
70%
La Havane
68%
Vatican
62%
Varsovie
52%
Mexico
30%
Southampton
19%
Hô Chi Minh-Ville
16%
Bruxelles
10%
Téhéran
8%
Shanghai
7%
Ottawa
2%
Aucun quiz correspondant
Distribution des résultats
% des personnes avec chaque résultat
Percentile par nombre de réponses
Votre historique - résultats
Vous n’avez pas pris ce quiz